000 00245nam a22001217a 4500
040 _cHS
082 _a808
100 _aCHEAT SOPHAL
245 _aCommunicating science (ABC)
260 _aRUA
_bCHEAT SOPHAL
_c2010
300 _a20p;
942 _cEK
999 _c9711
_d9711